Las fuentes de conocimiento sobre delincuencia : los datos de criminalidad, la cifra oculta y la inseguridad percibida /

Đã lưu trong:
Chi tiết về thư mục
Tác giả chính: Germán Mancebo, Isabel (autora.)
Định dạng: eBook
Ngôn ngữ:Tiếng Tây Ban Nha
Được phát hành: Alicante : LA LEY Soluciones Legales S.A., 2022.
Những chủ đề:
Truy cập trực tuyến:https://elibro.unach.elogim.com/es/lc/unach/titulos/291848
Các nhãn: Thêm thẻ
Không có thẻ, Là người đầu tiên thẻ bản ghi này!

MARC

LEADER 00000nam a2200000 i 4500
001 ELB291848
003 FINmELB
005 20260130150050.5
006 m o d |
007 cr cnu||||||||
008 260126s2022 sp o 001 0 spa d
020 |a 9788411246934  |q (e-book) 
020 |a 9788411246927  |q (print) 
035 |a (OCoLC)1574227947 
040 |a FINmELB  |b spa  |e rda  |c FINmELB 
050 4 |a HV6025  |b .F47 2022 
080 |a 343.93 
082 0 4 |a 364  |2 23 
100 1 |a Germán Mancebo, Isabel,  |e autora. 
245 1 4 |a Las fuentes de conocimiento sobre delincuencia :  |b los datos de criminalidad, la cifra oculta y la inseguridad percibida /  |c Isabel Germán Mancebo. 
264 1 |a Alicante :  |b LA LEY Soluciones Legales S.A.,  |c 2022. 
300 |a 1 recurso en línea (125 páginas) 
336 |a texto  |b txt  |2 rdacontent/spa 
337 |a computadora  |b c  |2 rdamedia/spa 
338 |a recurso en línea  |b cr  |2 rdacarrier/spa 
500 |a Incluye índice. 
588 |a Descripción basada en metadatos suministrados por el editor y otras fuentes. 
590 |a Recurso electrónico. Santa Fe, Arg.: elibro, 2026. Disponible vía World Wide Web. El acceso puede estar limitado para las bibliotecas afiliadas a elibro. 
650 4 |a Criminalidad  |x Estadísticas. 
650 4 |a Cifra oculta de la delincuencia. 
650 4 |a Percepción de inseguridad. 
650 4 |a Criminología. 
655 4 |a Libros electrónicos. 
797 2 |a elibro, Corp. 
856 4 0 |u https://elibro.unach.elogim.com/es/lc/unach/titulos/291848